BIBLIOTECA PODER JUDICIAL
Portal Judicial TDF

Compliance y prevención del lavado de activos. ¿Qué rol asumen las nuevas tecnologías en el contexto actual? / (Registro nro. 6409)

000 -LEADER
fixed length control field 01374nab a22002417a 4500
003 - CONTROL NUMBER IDENTIFIER
control field OSt
005 - DATE AND TIME OF LATEST TRANSACTION
control field 20260202114124.0
008 - FIXED-LENGTH DATA ELEMENTS--GENERAL INFORMATION
fixed length control field 190429b xxu||||| |||| 00| 0 spa d
040 ## - CATALOGING SOURCE
Transcribing agency PJ
100 ## - MAIN ENTRY--PERSONAL NAME
9 (RLIN) 7045
Personal name Olivera, Romina del Carmen
245 13 - TITLE STATEMENT
Title Compliance y prevención del lavado de activos. ¿Qué rol asumen las nuevas tecnologías en el contexto actual? /
Statement of responsibility, etc Romina del Carmen Olivera.
260 ## - PUBLICATION, DISTRIBUTION, ETC. (IMPRINT)
Date of publication, distribution, etc Ciudad Autónoma de Buenos Aires :
Place of publication, distribution, etc Thomson Reuters La Ley,
Name of publisher, distributor, etc 2023.
300 ## - PHYSICAL DESCRIPTION
Extent p. 160-172
500 ## - GENERAL NOTE
General note Cita Online: AR/DOC/2801/2023.
505 ## - FORMATTED CONTENTS NOTE
Formatted contents note Sumario: I. Introducción.— II. Primeras aproximaciones al lavado de activos y la financiación del terrorismo.— III. Los sujetos obligados: deberes y desafíos a enfrentar.— IV. Las nuevas tecnologías aplicadas a la PLAyFT: una mirada internacional.— V. RegTech: las nuevas tecnologías optimizando las tareas de PLAyFT.— VI. Consideraciones finales.<br/>
505 ## - FORMATTED CONTENTS NOTE
Title Si te interesa el texto completo, solicitalo a koha@justierradelfuego.gov.ar
650 #0 - SUBJECT ADDED ENTRY--TOPICAL TERM
9 (RLIN) 343
Topical term or geographic name as entry element DERECHO PENAL
650 #0 - SUBJECT ADDED ENTRY--TOPICAL TERM
9 (RLIN) 2812
Topical term or geographic name as entry element DELITOS ECONÓMICOS
650 #0 - SUBJECT ADDED ENTRY--TOPICAL TERM
Topical term or geographic name as entry element LAVADO DE ACTIVOS
9 (RLIN) 3064
650 #0 - SUBJECT ADDED ENTRY--TOPICAL TERM
Topical term or geographic name as entry element NUEVAS TECNOLOGIAS DE INFORMACION
9 (RLIN) 4023
773 0# - HOST ITEM ENTRY
Host Biblionumber 2658
Host Itemnumber 3164
Title Revista de derecho penal y criminología. Nº 7 - Agosto 2023
Place, publisher, and date of publication Ciudad Autónoma de Buenos Aires : Thomson Reuters La Ley, 2017-
International Standard Serial Number 00347914
942 ## - ADDED ENTRY ELEMENTS (KOHA)
Source of classification or shelving scheme
Koha item type Analítica Artículo de Revista

No hay ítems disponibles.

12 de Octubre 789 Ushuaia - Tel:  54(02901)441571
Horario de Atención: 8.00 a 17.00 hs. 
bibliotecaush@justierradelfuego.gov.ar
koha@justierradelfuego.gov.ar
Seguinos en nuestras redes @bibliojustdf 

Con tecnología Koha